| 000 | 00807nam a2200241 i 4500 | ||
|---|---|---|---|
| 001 | bg | ||
| 003 | BPK | ||
| 005 | 20200408123532.0 | ||
| 008 | 040519s1975 pl a f |000 0 pol | ||
| 015 | _aPB 1976/6763 | ||
| 040 | _cBPK | ||
| 041 | 0 | _apol | |
| 080 | _a621.791/.795 | ||
| 100 | 1 |
_aSłużalec, Adolf _d(1927-2003) _eAutor |
|
| 245 | 1 | 0 |
_aTechnologia zgrzewania / _cAdolf Służalec. |
| 260 |
_aCzęstochowa : _bPolitechnika Częstochowska. Instytut Obróbki Plastycznej i Spawalnictwa, _c1975. |
||
| 300 |
_a227, [1] s. : _bil., tab., wykr. ; _c25 cm. |
||
| 504 | _aBibliogr. s. [228]. | ||
| 655 | 4 | _aPodręczniki akademickie | |
| 650 | 4 | _aZgrzewanie | |
| 856 |
_uhttp://koha.tu.koszalin.pl/cgi-bin/koha/opac-detail.pl?biblionumber=16897 _yKatalog online BPK |
||
| 942 |
_2UKD _cKS |
||
| 999 |
_c16897 _d16897 |
||